[Event "Prague op-B 19th"]
[Site "Prague"]
[Date "2020.01.17"]
[Round "9"]
[White "Kormanos, Samuel"]
[Black "Simkin, Alexander"]
[Result "0-1"]
[WhiteElo "1494"]
[BlackElo "1815"]
[PlyCount "66"]
[EventDate "2020.01.10"]
[EventType "swiss"]
[EventRounds "9"]
[EventCountry "CZE"]
[SourceTitle "CBM 195 Extra"]
[Source "ChessBase"]
[SourceDate "2020.05.31"]
[SourceVersion "1"]
[SourceVersionDate "2020.05.31"]
[SourceQuality "1"]

1. d4 Nf6 2. Bf4 d5 3. e3 e6 4. Nf3 Be7 5. Be2 0-0 6. 0-0 Nbd7 7. h3 c5 8. c4 cxd4 9. exd4 dxc4 10. Bxc4 Nb6 11. Bb3 Nbd5 12. Bh2 b6 13. Nc3 Ba6 14. Re1 Rc8 15. Nxd5 Nxd5 16. a3 Bd6 17. Bxd6 Qxd6 18. Qd2 Rfd8 19. Rac1 Nf4 20. Rxc8 Bxc8 21. Re4 Ng6 22. Re1 Bb7 23. Bc2 Bxf3 24. Bxg6 hxg6 25. gxf3 Qxd4 26. Qxd4 Rxd4 27. Kg2 Rd2 28. b4 Rd3 29. a4 Kf8 30. Kg3 Ke7 31. Kf4 f5 32. Kg3 e5 33. h4 e4 0-1

[Event "Prague op-B 19th"]
[Site "Prague"]
[Date "2020.01.16"]
[Round "8"]
[White "Kolmas, Oldrich"]
[Black "Kormanos, Samuel"]
[Result "1/2-1/2"]
[WhiteElo "1711"]
[BlackElo "1494"]
[PlyCount "51"]
[EventDate "2020.01.10"]
[EventType "swiss"]
[EventRounds "9"]
[EventCountry "CZE"]
[SourceTitle "CBM 195 Extra"]
[Source "ChessBase"]
[SourceDate "2020.05.31"]
[SourceVersion "1"]
[SourceVersionDate "2020.05.31"]
[SourceQuality "1"]

1. e4 e5 2. Bc4 Nc6 3. Nf3 Bc5 4. 0-0 Nf6 5. Nc3 0-0 6. a3 a5 7. h3 d6 8. d3 h6 9. Bd2 Be6 10. Ba2 d5 11. exd5 Bxd5 12. Bxd5 Nxd5 13. Nxd5 Qxd5 14. Be3 Nd4 15. Nxd4 exd4 16. Bf4 Bd6 17. Bxd6 Qxd6 18. Qf3 Qb6 19. b3 Rfe8 20. Rfe1 c6 21. a4 Qc5 22. Re2 Re6 23. Rxe6 fxe6 24. Qe2 Re8 25. Qd2 e5 26. f3 1/2-1/2

[Event "Prague op-B 19th"]
[Site "Prague"]
[Date "2020.01.11"]
[Round "3"]
[White "Renkens, Stef"]
[Black "Kormanos, Samuel"]
[Result "0-1"]
[WhiteElo "1668"]
[BlackElo "1494"]
[PlyCount "50"]
[EventDate "2020.01.10"]
[EventType "swiss"]
[EventRounds "9"]
[EventCountry "CZE"]
[SourceTitle "CBM 195 Extra"]
[Source "ChessBase"]
[SourceDate "2020.05.31"]
[SourceVersion "1"]
[SourceVersionDate "2020.05.31"]
[SourceQuality "1"]

1. e4 e5 2. Nf3 Nc6 3. Bb5 d6 4. h3 Bd7 5. 0-0 h6 6. d4 exd4 7. Nxd4 Ne5 8. Bxd7+ Nxd7 9. Nc3 Ngf6 10. Re1 c6 11. Nf5 Qc7 12. Bf4 Ne5 13. Qe2 g6 14. Ne3 Bg7 15. Rad1 Rd8 16. Nc4 0-0 17. Rd4 Nxc4 18. Qxc4 Nh5 19. e5 Nxf4 20. Rxf4 Bxe5 21. Rf3 d5 22. Qh4 Bg7 23. Rfe3 Qd6 24. Nd1 d4 25. Re7 Bf6 0-1

[Event "Prague Golden op 10th"]
[Site "Prague"]
[Date "2014.06.25"]
[Round "5"]
[White "Kormanos, Samuel"]
[Black "Cabart, Pavel"]
[Result "1-0"]
[WhiteElo "1435"]
[BlackElo "1774"]
[PlyCount "79"]
[EventDate "2014.06.22"]
[EventType "swiss"]
[EventRounds "9"]
[EventCountry "CZE"]
[SourceTitle "CBM 161 Extra"]
[Source "ChessBase"]
[SourceDate "2014.08.29"]
[SourceVersion "1"]
[SourceVersionDate "2014.08.29"]
[SourceQuality "1"]

1. e4 c5 2. Nf3 Nc6 3. d4 cxd4 4. Nxd4 g6 5. Nxc6 bxc6 6. Be2 Bg7 7. c3 Nf6 8. Qd3 0-0 9. Be3 a5 10. Qc2 d5 11. Nd2 Qc7 12. 0-0 Ng4 13. Bxg4 Bxg4 14. h3 Be6 15. Nf3 c5 16. Ng5 a4 17. Nxe6 fxe6 18. exd5 exd5 19. Qd3 e6 20. Qb5 Rfb8 21. Qxc5 Qxc5 22. Bxc5 Rxb2 23. Rfc1 Rc8 24. Bb4 d4 25. Ba3 Re2 26. Kf1 d3 27. Bb4 Rc2 28. Rxc2 dxc2 29. Rc1 Rd8 30. Rxc2 Rd1+ 31. Ke2 Rd5 32. Rd2 Re5+ 33. Kd1 Bh6 34. Rd8+ Kf7 35. Rd7+ Kf6 36. Be7+ Kf5 37. g4+ Ke4 38. Ke2 Rb5 39. Rd4+ Ke5 40. f4+ 1-0

[Event "Prague Golden op 10th"]
[Site "Prague"]
[Date "2014.06.22"]
[Round "1"]
[White "Maly, Petr"]
[Black "Kormanos, Samuel"]
[Result "0-1"]
[WhiteElo "1679"]
[BlackElo "1435"]
[PlyCount "46"]
[EventDate "2014.06.22"]
[EventType "swiss"]
[EventRounds "9"]
[EventCountry "CZE"]
[SourceTitle "CBM 161 Extra"]
[Source "ChessBase"]
[SourceDate "2014.08.29"]
[SourceVersion "1"]
[SourceVersionDate "2014.08.29"]
[SourceQuality "1"]

1. d4 d5 2. Nf3 Bf5 3. e3 Nf6 4. c4 c6 5. Nc3 e6 6. a3 Be7 7. Be2 0-0 8. 0-0 Nbd7 9. h3 Qc7 10. Nh4 Ne4 11. Nxf5 exf5 12. cxd5 cxd5 13. Nxd5 Qd6 14. Nxe7+ Qxe7 15. Qd3 Rfd8 16. Qb5 Nb6 17. Qxf5 Rd5 18. Qf3 Ng5 19. Qg3 Rad8 20. f3 Ne6 21. Qf2 Rc8 22. Bd3 Nc4 23. Qh4 Qxh4 0-1